00361nam a2200145Ia 4500008004100000020001800041041000800059082001600067100001800083245002900101250000600130260004500136300001100181650002300192210716s2002 xx 000 0 und d a9780195678758 aeng a128.33 SENA aSen, Amartya. aRationality and freedom. a1 aNew DelhibOxford University Pressc2002 aix,736 aGeneral Management